Supervisión en la aplicación de concreto translúcido / Victor Alfonso López Rodríguez (Registro nro. 27351)
[ vista simple ]
| 000 -LÍDER | |
|---|---|
| fixed length control field | 00490nam a2200121 4500 |
| 050 ## - SIGNATURA TOPOGRAFICA DE LA BIBLIOTECA DEL CONGRESO (LC) | |
| Número de Clasificación | TA160 MR5 L6 2012 |
| 082 ## - NUMERO DE CLASIFICACION DECIMAL DEWEY | |
| Número de Clasificación | 693.5 L6s |
| 100 ## - ASIENTO PRINCIPAL--NOMBRE PERSONAL | |
| Nombre personal | López Rodríguez, Victor Alfonso |
| 245 ## - TÍTULO | |
| Título | Supervisión en la aplicación de concreto translúcido / Victor Alfonso López Rodríguez |
| 300 ## - DESCRIPCIÓN FÍSICA | |
| Extensión | 78 p. / 29 cm. |
| 502 ## - NOTA DE TESIS | |
| Nota de tesis | Memoria de residencia profesional. Opción x. I.T.Z. (Civil) M.C.I.C. Erika G. Gonz lez Carrillo |
| 650 ## - ASIENTO SECUNDARIO DE MATERIA - TERMINO TEMÁTICO | |
| Término temático o nombre geográfico como elemento de entrada | 1. CONCRETO TRASLUCIDO / 2. MATERIALES DE CONSTRUCCIÓN |
| No. biblioteca | No. biblioteca | Número de clasificación | Código de barras/Número de adquisición | Número de copia | Tipo de material |
|---|---|---|---|---|---|
| TESIS CIVÍL | TESIS CIVÍL | 693.5 L6s | C62-2012 | 1 | Tesis |
